000 00627nam a22001697a 4500
005 20251108164651.0
008 250721s2000 xx 000 0 ara d
082 1 4 _a811.809/مكا
100 1 _aمكانسي، عثمان قدري
245 1 0 _aالشعر العربي في الفتوحات العثمانية :
_bمن عهد السلطان سليم الأول إلى نهاية الدولة العثمانية /
264 1 _aعمان :
_bدار اتلضياء للنشر،
_c2000.
300 _a269ص.
650 1 7 _aالشعر العربي
650 1 7 _aالعصر العثماني
942 _2ddc
_cBK
999 _c11328
_d11328